000 01702cam a22005054i 4500
003 PE-LiUPU
005 20250731184531.0
008 150623s r 000 0 d
020 _a0567086275
035 _a(Sirsi) i9780567086273
040 _aPE-LiUPU
_bspa
_cPE-LiUPU
_erda
049 _aPRUA
082 0 4 _a933
_bF82
_221
100 1 _aFreyne, Seán,
_eautor.
245 1 0 _aGalilee, from Alexander the Great to Hadrian, 323 B.C.E. to 135 C.E. :
_ba study of Second Temple Judaism /
_cpor Seán Freyne.
264 1 _aEdinburgh :
_bT and T Clark,
_c1998.
300 _a491 páginas ;
_c23 centímetros
336 _atext
_2rdacontent
337 _aunmediated
_2rdamedia
338 _avolume
_2rdacarrier
504 _aIncluye bibliografía.
505 0 _aGeographical and historical. -Social and cultural. -Religious.
526 _aP136
526 _aP135
526 _aP134
526 _aP133
526 _aP144
526 _aP143
526 _aP87
526 _aP35
526 _aP20
526 _aP14
526 _aP10
526 _aP06
650 0 4 _aCristianismo
_zIsrael - Galilea.
650 0 4 _aGalilea (Israel)
_xHistoria.
650 0 4 _aJudaísmo
_xHistoria
_yPeríodo postexílico, 586 aC-210 dC.
650 0 4 _aJudios
_xHistoria
_y168 aC-135 dC.
942 _2ddc
_cBOOK
949 _a933 F82
_wDEWEY
_c1
_i45562
_lCCODEBUL1
_mBUL
_r0
_sY
_tBOOK
_u2015-6-24
_xTEOLOGIA
_PP35
_0COMPRA
_o.STAFF. Colección General
994 _aC0
_bPEPRU
596 _a1
999 _a933 F82
_wDEWEY
_c22428
_i45562
_f2021-11-11
_g5
_lCCODEBUL1
_mBUL
_r0
_sY
_tBOOK
_u2015-6-24
_xTEOLOGIA
_PP35
_0COMPRA
_o.STAFF. Colección General
_d22428
980 _81
_gALBERTO SANCHEZ Responsable de Automatización